000 00583nam a2200157 a 4500
008 120416s1980 ||||||||||||||||| || u
050 _aHF 1411 Obs
245 1 4 _aThe obstacle to the new international order
246 _aErvin Laszlo
260 _aNew York
_bPergamon Press
_c1980
300 _axxv, 144p.
350 _a0.00
650 0 _aECONOMICS
650 0 _aINTERNATIONAL ECONOMIC RELATIONS--HANDBOOKS, MANUALS, E.T.C
995 _D0.00
_FCBU-MAIN LIBRARY (Kitwe)
_H1
_I0.00
_M1
_UAVAILABLE
_ZAnnex Low-Usage Collection
999 _c52480
_d52480